000 00276nam a2200109Ia 4500
008 190216s9999||||xx |||||||||||||| ||und||
100 _aSaksena S C
245 0 _aPrinciples Of Practice Of Management
260 _bNew Central Book Agencies
_c1993
300 _a329p
942 _cBK
999 _c5540
_d5540